Diseño de mini acueducto por gravedad (mag) para la comunidad de Venecia de Condega
Realidad hidrosanitaria y socioeconómica de la comunidad de Venecia para establecer criterios para la sostenibilidad de las soluciones de ingeniería. Elementos de potabilización que requiera la adecuación de la calidad química y biológica de agua.
| Main Authors: | , , |
|---|---|
| Other Authors: | |
| Format: | Tesis Section = Libro |
| Language: | Undetermined Spanish |
| Published: |
Managua
UNI/RUACS
2017
|
| Subjects: |
| LEADER | 01269nam a2200313Ia 4500 | ||
|---|---|---|---|
| 008 | 240830s9999 xx 000 0 und d | ||
| 040 | |a BIBLIOTECA-RUPAP Mon 628.72 E77 | ||
| 041 | |a spa | ||
| 082 | |a Mon 628.72 E77 | ||
| 100 | 1 | |a Espinoza Ruiz, Elkar Souvana | |
| 100 | 1 | |b Rúgame Sequeira, Seidy Vasleska | |
| 100 | 1 | |c Moreno Zepeda, Teresa de los Ángeles | |
| 245 | 1 | 0 | |a Diseño de mini acueducto por gravedad (mag) para la comunidad de Venecia de Condega |
| 260 | |a Managua |b UNI/RUACS |c 2017 | ||
| 300 | |a 119 p. :il. | ||
| 500 | |a Contiene: anexos y CD. | ||
| 502 | |a Tesis (Ingeniero Civil)- UNI, 2017. | ||
| 520 | 3 | |a Realidad hidrosanitaria y socioeconómica de la comunidad de Venecia para establecer criterios para la sostenibilidad de las soluciones de ingeniería. Elementos de potabilización que requiera la adecuación de la calidad química y biológica de agua. | |
| 650 | 7 | |a ACUEDUCTOS-DISEÑOS Y CONSTRUCCIÓN | |
| 650 | 7 | |b ABASTECIMIENTO DE AGUA | |
| 650 | 7 | |c DISEÑO HIDRAULICO | |
| 650 | 7 | |d POTABILIZACIÓN DEL AGUA | |
| 650 | 7 | |e AGUA POTABLE | |
| 650 | 7 | |f CALIDAD DEL AGUA | |
| 650 | 7 | |g COSTOS Y PRESUPUESTOSPARA CONSTRUCCIÓN | |
| 700 | 1 | |a Tutor: |b González, Eddie M. | |
| 942 | |c BK |2 ddc | ||
| 991 | |a TESIS | ||
| 999 | |c 16485 | ||